| 000 | 00441nam a2200169Ia 4500 | ||
|---|---|---|---|
| 008 | 210719s1991 xx 000 0 und d | ||
| 020 | _a0879422793 | ||
| 041 | _aeng | ||
| 082 | _a620.02 KAMR | ||
| 100 | _aKAMM (Lawrence J) | ||
| 245 | _aReal-world engineering: a guide to achieving career success. | ||
| 260 |
_aNew York. _bIEEE Press., _c1991 |
||
| 300 |
_axiv,233 _bPB |
||
| 365 | _cRs | ||
| 650 | _aEngineering | ||
| 906 | _aCareers | ||
| 999 |
_c213590 _d213590 |
||